Személyi hir
Stručná správa o tom, že gróf Alexander Andráši sa v dňoch [6.-7.02.1914] zdržiaval v Humennom.
| Médium: | Článok |
|---|---|
| Jazyk: | Hungarian |
| Témy: | |
| Zdroj: |
1. Homonna és Vidéke : Hetilap 1. Roč. 14, č. 6 (08.02.1914) s. 2 |
| LEADER | 00869nab#a2200313#ar4500 | ||
|---|---|---|---|
| 001 | 000072289 | ||
| 003 | SVKKK | ||
| 005 | 20020607xxxxxxx. | ||
| 008 | 06 c xo huno | ||
| FMT | |||
| 038 | |a SVKKK | ||
| 040 | |a SVKKK |b slo |e AACR2 | ||
| 041 | 0 | |a hun | |
| 044 | |a xo |c SK | ||
| 080 | |a 392 | ||
| 242 | 1 | 0 | |a Personálne správy |
| 245 | 0 | 0 | |a Személyi hir |
| 500 | |a mikrofilm | ||
| 520 | 2 | |a Stručná správa o tom, že gróf Alexander Andráši sa v dňoch [6.-7.02.1914] zdržiaval v Humennom. | |
| 650 | 0 | 4 | |a verejný a spoločenský život - Andráši, Alexander (gróf) - pobyt - Humenné - [6.-7.02.1914] - správy |
| 773 | 0 | |t Homonna és Vidéke : Hetilap |g Roč. 14, č. 6 (08.02.1914) s. 2 | |
| 957 | |a Humenné | ||
| 958 | |a DG | ||
| 958 | |a HU | ||
| 958 | |a SK | ||
| 974 | |a Ba |d 20020607 | ||
| 992 | |a RBX | ||
| BAS | |||
| 998 | |a RETRO | ||